01402nam a2200349 a 4500001001200000003000800012006001900020007001500039008004100054010001700095020001500112020001800127040002100145035002100166050002500187082002000212100002200232245018800254260004800442300002300490504006200513533015200575650002700727650001900754650002000773650003400793650002400827655002900851700002900880710001700909856012600926ebr10188774CaPaEBRm u cr cn|||||||||061101s2007 njua sb 011 0 eng  z 2006052555 z9812569499 z9789812569493 aCaPaEBRcCaPaEBR a(OCoLC)31738446514aHG4026b.R366 2007eb04a338.6/041012221 aRao, Ramesh K. S.12aA theory of the firm's cost of capitalh[electronic resource] :bhow debt affects the firm's risk, value, tax rate, and the government's tax claim /cRamesh K.S. Rao, Eric C. Stevens. aHackensack, NJ :bWorld Scientific,cc2007. axiv, 88 p. :bill. aIncludes bibliographical references (p. 85-88) and index. aElectronic reproduction.bPalo Alto, Calif. :cebrary,d2013.nAvailable via World Wide Web.nAccess may be limited to ebrary affiliated libraries. 0aCorporationsxFinance. 0aCapital costs. 0aCorporate debt. 0aCapital assets pricing model. 0aFinancial leverage. 7aElectronic books.2local1 aStevens, Eric C.,d1962-2 aebrary, Inc.40uhttp://site.ebrary.com/lib/rucke/Doc?id=10188774zAn electronic book accessible through the World Wide Web; click to view